[Event "NOR-chB"]
[Site "Oslo"]
[Date "2023.07.04"]
[Round "5"]
[White "Iversen, Kjell M"]
[Black "Nilsen, Torger"]
[Result "1/2-1/2"]
[WhiteElo "1502"]
[BlackElo "1334"]
[PlyCount "50"]
[EventDate "2023.06.30"]
[EventType "swiss"]
[EventRounds "9"]
[EventCountry "NOR"]
[SourceTitle "EXT 2024"]
[Source "ChessBase"]
[SourceDate "2023.10.10"]
[SourceVersion "1"]
[SourceVersionDate "2023.10.10"]
[SourceQuality "1"]

1. e4 e6 2. d4 d5 3. exd5 exd5 4. Nc3 Bb4 5. a3 Be7 6. Bd3 Nf6 7. Nge2 Bg4 8. Bg5 h6 9. Bh4 Nbd7 10. Qd2 c6 11. 0-0 0-0 12. Rfe1 Re8 13. h3 Bh5 14. Nf4 g5 15. Nxh5 Nxh5 16. Bg3 Nxg3 17. fxg3 Nf6 18. Rf1 Kg7 19. Nd1 Ne4 20. Bxe4 dxe4 21. Ne3 Bf6 22. c3 h5 23. Qf2 Re6 24. Nf5+ Kg6 25. Ne3 Kg7 1/2-1/2

[Event "Levanger Grand Prix A"]
[Site "Levanger"]
[Date "2018.09.08"]
[Round "5"]
[White "Blekken, Kjell Ove"]
[Black "Nilsen, Torger"]
[Result "1-0"]
[WhiteElo "1786"]
[BlackElo "1490"]
[PlyCount "55"]
[EventDate "2018.09.07"]
[EventType "swiss"]
[EventRounds "7"]
[EventCountry "NOR"]
[SourceTitle "EXT 2024"]
[Source "ChessBase"]
[SourceDate "2023.10.10"]
[SourceVersion "1"]
[SourceVersionDate "2023.10.10"]
[SourceQuality "1"]

1. b4 e6 2. a3 Nf6 3. Bb2 c5 4. bxc5 Bxc5 5. d4 Be7 6. e3 d5 7. Nf3 Qb6 8. Ra2 Bd7 9. Nc3 Nc6 10. Bd3 Rc8 11. 0-0 Na5 12. Ne5 Nc4 13. Bxc4 dxc4 14. Qe2 Qc7 15. e4 Bd6 16. f4 a6 17. Kh1 0-0 18. Nxd7 Nxd7 19. e5 Be7 20. f5 Nb6 21. f6 Bd8 22. Qg4 g6 23. Qg5 Kh8 24. Qh6 Rg8 25. Ne4 g5 26. Nxg5 Rxg5 27. Qxg5 Bxf6 28. Qxf6+ 1-0

[Event "Levanger Grand Prix A"]
[Site "Levanger"]
[Date "2018.09.08"]
[Round "4"]
[White "Nilsen, Torger"]
[Black "Rein, Roger"]
[Result "1-0"]
[WhiteElo "1490"]
[BlackElo "1113"]
[PlyCount "69"]
[EventDate "2018.09.07"]
[EventType "swiss"]
[EventRounds "7"]
[EventCountry "NOR"]
[SourceTitle "EXT 2024"]
[Source "ChessBase"]
[SourceDate "2023.10.10"]
[SourceVersion "1"]
[SourceVersionDate "2023.10.10"]
[SourceQuality "1"]

1. e4 d6 2. d4 Nf6 3. Nc3 Nbd7 4. Bg5 e5 5. Bc4 c6 6. Bb3 Qc7 7. f3 h6 8. Be3 Be7 9. Nge2 Nh7 10. h4 Qd8 11. Bf2 a5 12. Qd3 b5 13. a4 Ba6 14. axb5 cxb5 15. Nxb5 exd4 16. Qxd4 0-0 17. Nxd6 Bxe2 18. Kxe2 Bf6 19. Qd5 Qe7 20. Nxf7 Bxb2 21. Nd6+ Kh8 22. Rad1 Ndf6 23. Qd2 Ba3 24. Nf5 Qb4 25. Qxb4 Bxb4 26. e5 Rfe8 27. f4 Nf8 28. Kf3 N6h7 29. Nd6 Bxd6 30. Rxd6 Rec8 31. c4 a4 32. Ba2 Rcb8 33. c5 Rb2 34. Bd5 Rc2 35. Bxa8 1-0

[Event "Helgeland & Salten Region-ch"]
[Site "Fauske"]
[Date "2018.01.27"]
[Round "2"]
[White "Nilsen, Torger"]
[Black "Baumann, Tobias Opdalshei"]
[Result "0-1"]
[WhiteElo "1586"]
[BlackElo "1479"]
[PlyCount "40"]
[EventDate "2018.01.27"]
[EventType "swiss"]
[EventRounds "4"]
[EventCountry "NOR"]
[SourceTitle "EXT 2024"]
[Source "ChessBase"]
[SourceDate "2023.10.10"]
[SourceVersion "1"]
[SourceVersionDate "2023.10.10"]
[SourceQuality "1"]

1. e4 e5 2. Nc3 Nf6 3. f4 exf4 4. d4 Bb4 5. Qf3 0-0 6. e5 Re8 7. Bxf4 d6 8. 0-0-0 Nfd7 9. Nd5 Nc6 10. a3 dxe5 11. axb4 exf4 12. Qxf4 Nf6 13. Nxc7 Re4 14. Qg3 Rg4 15. Nxa8 Rxg3 16. hxg3 Bg4 17. Nf3 Bxf3 18. gxf3 Nxb4 19. c3 Nbd5 20. Bc4 Ne3 0-1